TB. OF ORTHOPAEDICS AND TRAUMATOLOGY (Record no. 1479)

MARC details
000 -LEADER
fixed length control field 00358nam a2200145Ia 4500
008 - FIXED-LENGTH DATA ELEMENTS--GENERAL INFORMATION
fixed length control field 150201s2009 xx 000 0 und d
082 ## - DEWEY DECIMAL CLASSIFICATION NUMBER
Classification number 617.3
Item number O09N
100 ## - MAIN ENTRY--PERSONAL NAME
Personal name NATRAJAN , M.
245 ## - TITLE STATEMENT
Title TB. OF ORTHOPAEDICS AND TRAUMATOLOGY
250 ## - EDITION STATEMENT
Edition statement 6TH
260 ## - PUBLICATION, DISTRIBUTION, ETC. (IMPRINT)
Name of publisher, distributor, etc. ALL INDIA PUB.
Place of publication, distribution, etc. INDIA
Date of publication, distribution, etc. 2009
300 ## - PHYSICAL DESCRIPTION
Extent 1-139
650 ## - SUBJECT ADDED ENTRY--TOPICAL TERM
Topical term or geographic name as entry element ORTHOPEDICS
942 ## - ADDED ENTRY ELEMENTS (KOHA)
Source of classification or shelving scheme Dewey Decimal Classification
Koha item type Books
Koha issues (borrowed), all copies 2
Holdings
Withdrawn status Lost status Source of classification or shelving scheme Damaged status Not for loan Collection code Home library Current library Shelving location Date acquired Source of acquisition Cost, normal purchase price SGTU Total Checkouts Full call number Barcode Date last seen Date last checked out Bill Date Koha item type
    Dewey Decimal Classification     MEDICAL SGT Medical Library SGT Medical Library Text Book 20/03/2013 UBS DELHI 359.00 SGTU 6 617.3 O09N FM5341 28/11/2019 28/11/2019 20/03/2013 Books
    Dewey Decimal Classification     MEDICAL SGT Medical Library SGT Medical Library Text Book 20/03/2013 UBS DELHI 359.00 SGTU 3 617.3 O09N FM5342 10/12/2021 10/12/2021 20/03/2013 Books
    Dewey Decimal Classification     MEDICAL SGT Medical Library SGT Medical Library Text Book 20/03/2013 UBS DELHI 359.00 SGTU 2 617.3 O09N FM5343 12/10/2021 28/09/2021 20/03/2013 Books